【1999年】各都道府県で唯一"まち""ちょう"と読む町 - Statistics

General Stats
  • This quiz has been taken 11 times
  • The average score is 5 of 8
Answer Stats
都道府県 読み 回答 % Correct
北海道 まち 森町
100%
静岡県 まち 森町
100%
長野県 ちょう 阿南町
70%
福岡県 ちょう 遠賀町
60%
青森県 ちょう 階上町
50%
山形県 ちょう 河北町
50%
徳島県 まち 脇町
40%
広島県 まち 豊町
30%
No matching quizzes found
Score Distribution
Percent of People with Each Score
Percentile by Number Answered
Your Score History
You have not taken this quiz